Vvedenije v teoriju neuporjadočennych sistem

Salvato in:
Dettagli Bibliografici
Autore principale: Lifšic, Il'ja Michajlovič
Altri autori: Gredeskul, S.A, Pastur, L.A
Natura: Libro
Lingua:russo
Pubblicazione: Moskva Nauka 1982
Tags: Aggiungi Tag
Nessun Tag, puoi essere il primo ad aggiungerne!!

MARC

LEADER 00000nam a2200000 4500
001 c132510
005 20041019155255.4
041 0 |a rus 
044 |a RU 
245 1 0 |a Vvedenije v teoriju neuporjadočennych sistem  |c Il'ja Michajlovič Lifšic, S.A. Gredeskul, L.A. Pastur 
264 1 |a Moskva  |b Nauka  |c 1982 
300 |a 357 s. 
100 1 |a Lifšic, Il'ja Michajlovič 
700 1 |a Gredeskul, S.A. 
700 1 |a Pastur, L.A.